Sociología y teología de la técnica

Saved in:
Bibliografiske detaljer
Hovedforfatter: Brugarola, Martín (Author)
Format: Bog
Sprog:spansk
Udgivet: Madrid BAC 1967
Serier:Biblioteca de Autores Cristianos
Fag:
Tags: Tilføj Tag
Ingen Tags, Vær først til at tagge denne postø!

MARC

LEADER 00000nam a2200000 a 4500
001 UCZ5418
003 CL-VaPUC
008 951117e19670000SP |||||||||||||||||spa|d
082 0 4 |a 303.483  |b BRU  |2 21 
100 0 |a Brugarola, Martín  |e author  |9 349394 
245 1 0 |a Sociología y teología de la técnica 
300 |a 618 p 
942 |c BK 
945 |d 19951117 00:00:00  |a lriquelm 
260 |a Madrid  |b BAC  |c 1967 
650 0 |a Cambio tecnológico  |9 334821 
650 0 |a Desarrollo científico  |9 259799 
650 0 |a Cambio social   |9 256857 
650 0 |a Industrialización  |9 263687 
650 0 |a Problemas sociales  |9 258537 
650 0 |a Justicia social  |9 314874 
650 0 |a Teología   |9 258766 
650 0 |a Ética  |9 255099 
650 0 |a Escatología  |9 314395 
650 0 |a Filosofía del espíritu  |9 320175 
583 |a last modification  |c 19951117 00:00:00  |k Rodrigo Vera 
490 0 |a Biblioteca de Autores Cristianos 
999 |c 241736  |d 241734 
952 |0 0  |1 0  |4 0  |6 303_483000000000000_BRU_1967  |7 0  |8 P  |9 254178  |a BIBEDU  |b BIBEDU  |c BIBEDU_PB  |d 2019-11-19  |i 1575589  |o 303.483 BRU 1967  |p 1575589  |r 2024-01-25  |w 2019-11-19  |y BK  |k FIL 
952 |0 0  |1 0  |4 0  |6 303_483000000000000_BRU_1967  |7 0  |8 A  |9 254179  |a BIBTEO  |b BIBTEO  |d 2019-11-19  |i 2080192  |o 303.483 BRU 1967  |p 2080192  |r 2025-01-17  |w 2019-11-19  |y BK  |k ICR 
952 |0 0  |1 0  |4 0  |6 303_483000000000000_BRU_1967  |7 0  |8 A  |9 254180  |a BIBTEO  |b BIBTEO  |d 2019-11-19  |i 2080206  |o 303.483 BRU 1967  |p 2080206  |r 2025-01-17  |w 2019-11-19  |y BK  |k ICR